Feynman Lectures On Physics Vol.2 (Record no. 319640)

MARC details
000 -LEADER
fixed length control field 00509nam a2200169Ia 4500
008 - FIXED-LENGTH DATA ELEMENTS--GENERAL INFORMATION
fixed length control field 230718s9999 xx 000 0 und d
020 ## - INTERNATIONAL STANDARD BOOK NUMBER
International Standard Book Number 9788131792124
041 ## - LANGUAGE CODE
Language code of text/sound track or separate title eng
082 ## - DEWEY DECIMAL CLASSIFICATION NUMBER
Classification number 530
Item number FEY
100 ## - MAIN ENTRY--PERSONAL NAME
Personal name Feynman R.P.
245 ## - TITLE STATEMENT
Title Feynman Lectures On Physics Vol.2
Remainder of title Mainly Electromagnetism And Matter
260 ## - PUBLICATION, DISTRIBUTION, ETC. (IMPRINT)
Date of publication, distribution, etc. 2019
Name of publisher, distributor, etc. Pearson Education
300 ## - PHYSICAL DESCRIPTION
Extent 564
Accompanying material [OBSOLETE, CAN/MARC] Ref 430 G (53968)
365 ## - TRADE PRICE
Currency code Rs.
Price amount 275.00
700 ## - ADDED ENTRY--PERSONAL NAME
Personal name Feynman R.P.; Leighton R.B. & Sands M.
906 ## - LOCAL DATA ELEMENT F, LDF (RLIN)
d B:645103-Nov-2008
c ALLEDS
b 55
Holdings
Withdrawn status Lost status Damaged status Not for loan Home library Current library Date acquired Vendor Budget Code Cost, normal purchase price Bill number Total Checkouts Full call number Barcode Date last seen Date last checked out Discount Cost, replacement price Bill Date Koha item type Original Barcode
        Cummins College of Engineering for Women Pune Cummins College of Engineering for Women Pune 01/12/2008 Tbs ALLEDS 220.00 6451 2 530 CCEP-BK-30847 23/01/2025 21/01/2025 55 275.00 03/11/2008 Books 030847